| 000 | 00715nam a22002297a 4500 | ||
|---|---|---|---|
| 999 |
_c13588 _d13588 |
||
| 003 | AR-CdUCM | ||
| 008 | 190415b ||||| |||| 00| 0 spa d | ||
| 040 |
_aMUNICIPALIDAD PROVINCIAL DEL CUSCO _cBIBLIOTECA MUNICIPAL DEL CUSCO |
||
| 082 |
_a869.5 / _bSA22 |
||
| 100 |
_aSánchez Paz, Carlos _93998 |
||
| 245 | _aEspiga & Humo / | ||
| 260 |
_aCusco : _bKopy graf. _c2006. |
||
| 300 |
_a99 paginas ; _bIlustraciones, _c23 cm. |
||
| 505 | _aContenido : Poesía | ||
| 650 |
_aLiteratura peruana _9169 |
||
| 650 |
_aPoetas cusqueños _95956 |
||
| 650 |
_aPublicaciones periódicas _932056 |
||
| 650 |
_aPerú _935 |
||
| 710 |
_aInstituto Nacional de Cultura. _99 |
||
| 942 |
_2ddc _cLIBROS |
||
| 945 |
_awnts _d2019-04-15 |
||